| 000 | 00409nam a2200133Ia 4500 | ||
|---|---|---|---|
| 005 | 20260326235455.0 | ||
| 008 | 260326s9999||||xx |||||||||||||| ||und|| | ||
| 100 | _aDawes, John | ||
| 245 | 4 |
_aThe Swimming Pool & the Garden : _b An international Guide to the Design and Construction of swimming pools / _cJohn Dawes |
|
| 260 | _bJohn Bartholomew & Son | ||
| 300 | _a175 p. | ||
| 650 | _aPAISAJISMO | ||
| 942 | _cBK | ||
| 999 |
_c7921 _d7921 |
||